000 00539nam a2200205Ia 4500
005 20250508151140.0
008 008 250505s9999 xx 000 0 eng d
037 _aTextual
040 _aFEDL
_beng
_cFEDL
041 _aeng
_2eng
084 _a150, COL
_qFEDL
100 _aCollins V M E
_9758543
245 0 _aApproach to psychology
260 _aLondon, UK
_bMethuen and Co. Ltd
_c1953
300 _aviii,130p.
365 _aINR
_b4
650 _aPsychology
942 _cTEXL
_h150, COL
999 _c1327898
_d1327898